|
|
|
|
| LEADER |
00000nam a2200000 a 4500 |
| 001 |
vtls009465515 |
| 003 |
SK-MaSNL |
| 005 |
20260301171130.0 |
| 008 |
240315s2008 xo g 000 0 slo |
| 015 |
|
|
|a SNBA2009/02-00588
|
| 020 |
|
|
|a 9788096969036
|q (brož.)
|
| 035 |
|
|
|a 3CE79BA7-8204-4F69-8BA3-4172F08082FC
|
| 035 |
|
|
|a urn:nbn:sk:snk-aml15h
|
| 035 |
|
|
|a urn:nbn:sk:snk-am008mq7
|
| 040 |
|
|
|a SNK
|b slo
|c SNK
|e AACR2
|
| 041 |
1 |
|
|a slo
|h slv
|
| 044 |
|
|
|a xo
|c SK
|
| 072 |
|
7 |
|a 641
|x Kuchárstvo. Potraviny. Varené jedlá
|2 konspekt
|
| 080 |
|
|
|a 641.55
|2 2001
|
| 080 |
|
|
|a 641.561
|2 2001
|
| 080 |
|
|
|a (083.12)
|2 2001
|
| 080 |
|
|
|a (035)
|2 2001
|
| 100 |
1 |
|
|a Hrobat, Breda
|4 aut
|9 403831
|
| 240 |
1 |
0 |
|a 90-dnevna ločevalna dieta
|l Slovensky
|
| 245 |
1 |
0 |
|a 90-dňová rozlišovacia diéta
|b chutné jedlá na 90 dní
|c Breda Hrobat, Mojca Poljanšek ; [zo slovinského originálu preložila a upravila Marianna Lesič]
|
| 246 |
3 |
|
|a Deväťdesiatdňová rozlišovacia diéta
|
| 246 |
3 |
|
|a Devedesatdnevna ločevalna dieta
|
| 250 |
|
|
|a 4. vyd.
|
| 260 |
|
|
|a Bratislava
|b Trysk
|c 2008
|
| 300 |
|
|
|a 91 s.
|c 21 cm
|
| 500 |
|
|
|a Názov z obalu
|
| 650 |
0 |
7 |
|a jedlá
|2 SNKPH
|
| 650 |
0 |
7 |
|a redukčné diéty
|2 SNKPH
|9 1801
|
| 655 |
|
7 |
|a kuchárske recepty
|2 SNKPH
|9 70493
|
| 655 |
|
7 |
|a príručky
|2 SNKPH
|9 74364
|
| 700 |
1 |
|
|a Poljanšek, Mojca
|4 aut
|9 403832
|
| 700 |
1 |
|
|a Lesič, Marianna
|4 trl
|9 403833
|
| 919 |
|
|
|a 978-80-969690-3-6
|
| 958 |
|
|
|a OP
|
| 968 |
|
|
|b SLV
|d 64
|
| 999 |
|
|
|c 829813
|d 831743
|
| 952 |
|
|
|a SNK
|b SNK
|y PREZ
|7 0
|p 17A0608450
|o snkSC 134195
|i snk2009/881
|8 0
|0 0
|1 0
|4 0
|d 2009-01-26
|f 1
|l 0
|r 2025-06-30 00:00:00
|w 2026-02-24
|
| 952 |
|
|
|a SNK
|b SNK
|y VYP
|7 0
|p 17A0608451
|o snkSC 134195 D1
|i snk2009/882
|8 0
|0 0
|1 0
|4 0
|d 2009-01-26
|l 0
|r 2026-02-24 03:34:35
|w 2026-02-24
|